00803nam a22001817a 4500003000900000008004100009020001800050040007100068082001500139100003900154245002800193260003100221300003700252505029600289650001200585650001300597650001100610AR-CdUCM190319b ||||| |||| 00| 0 spa d a84-205-0773-3 aMUNICIPALIDAD PROVINCIAL DEL CUSCOcBIBLIOTECA MUNICIPAL DEL CUSCO a970 /bH41 aHernández Sánchez-Barba, Mario aHistoria de América / aMadrid :bAlhambra,c1981. a3 tomosbmapas, cuadros,c24 cm. aContenido: Introducción a la historia -- América indígena -- El descubrimiento -- La idea del nuevo mundo en el pensamiento literario española. t.3: Las independencias americanas -- Sociedades y economías americanas del siglo XIX -- Las tensiones criticas americanas en el siglo XX aAmerica aHistoria aPerú